Subdivision capitals closest to Stara Zagora (BG) - Statistics

General Stats
  • This quiz has been taken 10 times
  • The average score is 14 of 20
Answer Stats
Distance (km) Answer % Correct
6 79 Plovdiv
100%
17 151 Burgas
80%
2 56 Gabrovo
80%
1 55 Haskovo
80%
4 72 Jambol
80%
7 91 Krdžali
80%
8 109 Loveč
80%
9 109 Pazardžik
80%
15 142 Razgrad
80%
3 63 Sliven
80%
12 122 Smoljan
80%
5 73 Veliko Trnovo
80%
10 113 Edirne
60%
13 137 Pleven
60%
19 160 Ruse
60%
14 141 Šumen
60%
11 119 Trgovište
60%
20 165 Giurgiu
40%
18 152 Kırklareli
20%
16 147 Komotiní
20%
No matching quizzes found
Score Distribution
Percent of People with Each Score
Percentile by Number Answered
Your Score History
You have not taken this quiz